Normal view
MARC view
Entry Topical Term
001 - CONTROL NUMBER
- control field: 55666
003 - CONTROL NUMBER IDENTIFIER
- control field: dpl
005 - DATE AND TIME OF LATEST TRANSACTION
- control field: 20230831115434.0
008 - FIXED-LENGTH DATA ELEMENTS
- fixed length control field: 230831|| aca||aabn | a|a d
040 ## - CATALOGING SOURCE
- Original cataloging agency: dpl
- Transcribing agency: dpl
150 ## - HEADING--TOPICAL TERM
- General subdivision:
- Geographic subdivision:
670 ## - SOURCE DATA FOUND
- Source citation: Work cat.: (dpl)197707: अमर जीत अमर 55665, वेंटीलेटर से /, 2022
